Shadow From Ladakh (Record no. 116711)

MARC details
000 -LEADER
fixed length control field 00286pam a2200133 a 4500
020 ## - INTERNATIONAL STANDARD BOOK NUMBER
Terms of availability
041 ## - LANGUAGE CODE
Language code of original
082 ## - DEWEY DECIMAL CLASSIFICATION NUMBER
Classification number 920
Item number BHA
100 ## - MAIN ENTRY--PERSONAL NAME
Personal name Bhattacharya
245 ## - TITLE STATEMENT
Title Shadow From Ladakh
Medium Textual Documents
260 ## - PUBLICATION, DISTRIBUTION, ETC.
Place of publication, distribution, etc. Pune
Name of publisher, distributor, etc. Hind Pocket Books
Date of publication, distribution, etc. 1966
300 ## - PHYSICAL DESCRIPTION
Extent 350
930 ## - EQUIVALENCE OR CROSS-REFERENCE-UNIFORM TITLE HEADING [LOCAL, CANADA]
Uniform title 9886
Holdings
Withdrawn status Lost status Damaged status Not for loan Collection Home library Current library Shelving location Date acquired Total Checkouts Full call number Barcode Date last seen Copy number Price effective from Koha item type
          Abhijit Kadam Institute of Management & Social Science, Solapur Abhijit Kadam Institute of Management & Social Science, Solapur   10/10/1950   920 BHA AKS-X-00354 01/03/2023 1 01/03/2023 Book